[Event "Svetla nad Sazavou Mares Memorial"]
[Site "Svetla nad Sazavou"]
[Date "2023.12.29"]
[Round "8"]
[White "Dome, Michal"]
[Black "Zeleny, Tomas1"]
[Result "1-0"]
[WhiteElo "1857"]
[BlackElo "1775"]
[PlyCount "61"]
[EventDate "2023.12.29"]
[EventType "swiss"]
[EventRounds "9"]
[EventCountry "CZE"]
[SourceTitle "CB02_2024"]
[SourceDate "2024.01.10"]
[SourceVersion "1"]
[SourceVersionDate "2024.01.10"]
[SourceQuality "1"]

1. d4 Nf6 2. c4 g6 3. Nc3 Bg7 4. Nf3 d6 5. e4 0-0 6. Be2 Nbd7 7. 0-0 e5 8. d5 Nc5 9. Qc2 a5 10. a3 a4 11. Ne1 Nfd7 12. Be3 Nb3 13. Rd1 f5 14. f3 Ndc5 15. Nd3 Nd4 16. Bxd4 exd4 17. Nb1 fxe4 18. Nxc5 dxc5 19. fxe4 Bd7 20. Nd2 Qe7 21. Kh1 Ra6 22. Nf3 Bg4 23. Nxd4 Bxe2 24. Nxe2 Re8 25. Ng3 Be5 26. Rde1 Qh4 27. Rf3 Rf6 28. Qf2 Ref8 29. Rf1 Kg7 30. Nf5+ Rxf5 31. Qxh4 1-0

[Event "Valasska Bystrice op"]
[Site "Valasska Bystrice"]
[Date "2023.09.14"]
[Round "7"]
[White "Dome, Michal"]
[Black "Susen, Jaroslav"]
[Result "1-0"]
[WhiteElo "1880"]
[BlackElo "1777"]
[PlyCount "143"]
[EventDate "2023.09.09"]
[EventType "swiss"]
[EventRounds "9"]
[EventCountry "CZE"]
[SourceTitle "EXT 2024"]
[Source "ChessBase"]
[SourceDate "2023.10.10"]
[SourceVersion "1"]
[SourceVersionDate "2023.10.10"]
[SourceQuality "1"]

1. d4 d5 2. c4 c6 3. Nf3 Nf6 4. Nc3 dxc4 5. a4 Bf5 6. e3 e6 7. Bxc4 Nbd7 8. Qe2 Ne4 9. 0-0 Bd6 10. Nxe4 Bxe4 11. Nd2 Bg6 12. e4 Bf4 13. Nf3 Bxc1 14. Raxc1 0-0 15. Rfd1 Re8 16. b3 Qa5 17. Qe3 Qb6 18. Qf4 Nf6 19. e5 Nd5 20. Bxd5 cxd5 21. Rc3 Rac8 22. Rdc1 Rxc3 23. Rxc3 h6 24. Qd2 Kh7 25. h4 Qb4 26. Qe3 Qb6 27. Rc5 a6 28. Qc3 Bh5 29. Ne1 Qd8 30. g3 f5 31. Nd3 Re7 32. Rc8 Qd7 33. Nf4 Bf7 34. h5 g5 35. hxg6+ Bxg6 36. a5 Rg7 37. Qc5 Re7 38. Rh8+ Kg7 39. Rc8 Bf7 40. Kg2 Be8 41. Rc7 Qxc7 42. Nxe6+ Rxe6 43. Qxc7+ Bf7 44. Qxb7 Rg6 45. f4 h5 46. Kf3 Rh6 47. Qe7 Re6 48. Qg5+ Bg6 49. Qd8 Be8 50. b4 Bb5 51. Qg5+ Rg6 52. Qxf5 Ba4 53. Kf2 Rc6 54. Qg5+ Kf8 55. Qd8+ Kf7 56. Qxd5+ Kg6 57. Qe4+ Kg7 58. d5 Rc2+ 59. Ke3 Rc3+ 60. Kd4 Rxg3 61. e6 Rb3 62. Qe5+ Kg8 63. Qg5+ Kf8 64. Qf6+ Kg8 65. Qf7+ Kh8 66. Qxh5+ Kg8 67. Qg6+ Kh8 68. Qf6+ Kh7 69. Ke5 Kg8 70. Kd6 Rxb4 71. Qf7+ Kh8 72. e7 1-0

[Event "Valasska Bystrice op"]
[Site "Valasska Bystrice"]
[Date "2023.09.11"]
[Round "4"]
[White "Kopecky, Matej"]
[Black "Dome, Michal"]
[Result "0-1"]
[WhiteElo "1680"]
[BlackElo "1880"]
[PlyCount "108"]
[EventDate "2023.09.09"]
[EventType "swiss"]
[EventRounds "9"]
[EventCountry "CZE"]
[SourceTitle "EXT 2024"]
[Source "ChessBase"]
[SourceDate "2023.10.10"]
[SourceVersion "1"]
[SourceVersionDate "2023.10.10"]
[SourceQuality "1"]

1. e4 c6 2. Nf3 d5 3. exd5 cxd5 4. d4 Nc6 5. Bf4 Bg4 6. c3 Qb6 7. Qe2 Bxf3 8. gxf3 e6 9. Bh3 Nge7 10. b4 Ng6 11. Bd2 Bd6 12. a4 a5 13. Na3 0-0 14. b5 Nce7 15. 0-0 Bc7 16. f4 Nxf4 17. Bxf4 Bxf4 18. Qg4 Qd6 19. Kh1 Ng6 20. Bg2 b6 21. c4 Rac8 22. Rfd1 Bh6 23. h4 Qf4 24. Qxf4 Nxf4 25. Bf1 Ng6 26. Ra2 Nxh4 27. Rc2 dxc4 28. Rxc4 Rxc4 29. Nxc4 Rb8 30. d5 exd5 31. Rxd5 g6 32. Rd6 Re8 33. Rd1 Re6 34. Bh3 Rf6 35. Ne5 Rf4 36. Rd8+ Kg7 37. Rd7 Nf3 38. Nxf3 Rxf3 39. Rd6 Rf6 40. Rxf6 Kxf6 41. Kg2 Ke5 42. Kf3 f5 43. Bf1 g5 44. Bc4 g4+ 45. Ke2 Bf8 46. f3 g3 47. Kf1 h5 48. Kg2 h4 49. Kh3 Be7 50. Be2 Kd4 51. Bd1 Ke3 52. Kg2 f4 53. Bb3 h3+ 54. Kxh3 Kf2 0-1

[Event "Mid Bohemia Region-chT 2223"]
[Site "Czech Republic"]
[Date "2023.04.02"]
[Round "11.6"]
[White "Innemann, Frantisek"]
[Black "Dome, Michal"]
[Result "0-1"]
[WhiteElo "1807"]
[BlackElo "1942"]
[PlyCount "76"]
[EventDate "2022.10.09"]
[EventType "team-tourn"]
[EventRounds "11"]
[EventCountry "CZE"]
[SourceTitle "EXT 2024"]
[Source "ChessBase"]
[SourceDate "2023.10.10"]
[SourceVersion "1"]
[SourceVersionDate "2023.10.10"]
[SourceQuality "1"]
[WhiteTeam "Vlasim II"]
[BlackTeam "Lysa nad Labem Joly IV"]
[WhiteTeamCountry "CZE"]
[BlackTeamCountry "CZE"]

1. e4 e6 2. d4 d5 3. exd5 exd5 4. Nf3 Nf6 5. Be2 Bd6 6. Bg5 0-0 7. 0-0 Nbd7 8. Nc3 c6 9. Qd2 Qc7 10. Bh4 Ne4 11. Qd3 Ndf6 12. Bg3 Bf5 13. Bxd6 Nxd6 14. Qd1 Nd7 15. Nh4 Bg6 16. Nxg6 hxg6 17. Bd3 Qb6 18. Qg4 Nf6 19. Qg3 Qxb2 20. Nxd5 cxd5 21. Qxd6 Qxd4 22. Rab1 Rfd8 23. Qa3 Rd7 24. Rb4 Qc5 25. Qb3 b6 26. h3 Rc8 27. Rb5 Qc3 28. Qb1 Ne4 29. Rb3 Qc7 30. Qe1 Nc5 31. Rc3 Re7 32. Qa1 Rd8 33. Re1 Rde8 34. Rxe7 Rxe7 35. Ra3 Qf4 36. Bf1 Qd2 37. Qc3 Qc1 38. Rb3 Re1 0-1

[Event "Mid Bohemia Region-chT 2223"]
[Site "Czech Republic"]
[Date "2023.02.26"]
[Round "9.6"]
[White "Turicky, David"]
[Black "Dome, Michal"]
[Result "0-1"]
[WhiteElo "1830"]
[BlackElo "1942"]
[PlyCount "74"]
[EventDate "2022.10.09"]
[EventType "team-tourn"]
[EventRounds "11"]
[EventCountry "CZE"]
[SourceTitle "EXT 2024"]
[Source "ChessBase"]
[SourceDate "2023.10.10"]
[SourceVersion "1"]
[SourceVersionDate "2023.10.10"]
[SourceQuality "1"]
[WhiteTeam "Zdice"]
[BlackTeam "Lysa nad Labem Joly IV"]
[WhiteTeamCountry "CZE"]
[BlackTeamCountry "CZE"]

1. e4 e6 2. d4 d5 3. Nc3 Bb4 4. Bd3 c5 5. a3 Bxc3+ 6. bxc3 c4 7. Be2 Ne7 8. e5 Bd7 9. a4 Qa5 10. Qd2 Bxa4 11. Nf3 b5 12. 0-0 Qd8 13. Ba3 Na6 14. h4 Nf5 15. h5 Kd7 16. g4 Nh6 17. Ng5 Kc6 18. f4 g6 19. hxg6 hxg6 20. Kg2 Nc7 21. Rh1 f5 22. exf6 Qxf6 23. Rae1 Nf7 24. Nf3 Rxh1 25. Rxh1 Rh8 26. Rf1 Ne8 27. Ne5+ Nxe5 28. dxe5 Qh4 29. Rg1 Qd8 30. Rf1 a6 31. f5 gxf5 32. gxf5 Qh4 33. Qf4 Rg8+ 34. Kf3 Qh3+ 35. Kf2 Rg2+ 36. Ke1 Qxc3+ 37. Kd1 Bxc2+ 0-1

[Event "Mid Bohemia Region-chT 2223"]
[Site "Czech Republic"]
[Date "2022.10.30"]
[Round "2.4"]
[White "Bartosova, Hana"]
[Black "Dome, Michal"]
[Result "1/2-1/2"]
[WhiteElo "1838"]
[BlackElo "1942"]
[PlyCount "61"]
[EventDate "2022.10.09"]
[EventType "team-tourn"]
[EventRounds "11"]
[EventCountry "CZE"]
[SourceTitle "EXT 2024"]
[Source "ChessBase"]
[SourceDate "2023.10.10"]
[SourceVersion "1"]
[SourceVersionDate "2023.10.10"]
[SourceQuality "1"]
[WhiteTeam "Ricany III"]
[BlackTeam "Lysa nad Labem Joly IV"]
[WhiteTeamCountry "CZE"]
[BlackTeamCountry "CZE"]

1. d4 e6 2. Nf3 Nf6 3. g3 b6 4. Bg2 Bb7 5. 0-0 Be7 6. c4 0-0 7. Nc3 Ne4 8. Qc2 Nxc3 9. bxc3 d6 10. Ng5 Bxg5 11. Bxb7 Bxc1 12. Bxa8 Bg5 13. Bg2 Nd7 14. a4 a5 15. f4 Bf6 16. e4 e5 17. fxe5 dxe5 18. Rad1 Qe7 19. Bh3 Nb8 20. Qe2 Qa3 21. Rxf6 gxf6 22. Qg4+ Kh8 23. Qh4 Kg7 24. Bf5 Rh8 25. Qg4+ Kh6 26. Rf1 Qxc3 27. Be6 Qe3+ 28. Kh1 Qg5 29. Qxg5+ Kxg5 30. Bxf7 exd4 31. Rf5+ 1/2-1/2

[Event "Valasska Bystrice op 13th"]
[Site "Valasska Bystrice"]
[Date "2022.09.10"]
[Round "1"]
[White "Sysr, Pavel"]
[Black "Dome, Michal"]
[Result "0-1"]
[WhiteElo "1598"]
[BlackElo "1961"]
[PlyCount "64"]
[EventDate "2022.09.10"]
[EventType "swiss"]
[EventRounds "9"]
[EventCountry "CZE"]
[SourceTitle "CBM 210 Extra"]
[Source "ChessBase"]
[SourceDate "2022.11.30"]
[SourceVersion "1"]
[SourceVersionDate "2022.11.30"]
[SourceQuality "1"]

1. d4 Nf6 2. c4 g6 3. e3 Bg7 4. Nf3 d6 5. Be2 0-0 6. 0-0 Nbd7 7. Nc3 c5 8. b3 cxd4 9. exd4 d5 10. Bb2 dxc4 11. bxc4 b6 12. Re1 Bb7 13. d5 Ne4 14. Qc2 Nxc3 15. Bxc3 Bxc3 16. Qxc3 Qc7 17. Rac1 Nf6 18. Qe5 Qxe5 19. Nxe5 Rac8 20. Ng4 Nxg4 21. Bxg4 Rc7 22. f4 f5 23. Bf3 Rd8 24. Kf2 Kf7 25. h3 Ba6 26. Be2 Rdc8 27. Ke3 Bxc4 28. Bxc4 Rxc4 29. Rxc4 Rxc4 30. Rd1 Rc2 31. Rd2 Rxd2 32. Kxd2 e6 0-1

[Event "Pardubice Czech op-B 32nd"]
[Site "Pardubice"]
[Date "2021.07.30"]
[Round "8"]
[White "Jezbera, Jiri"]
[Black "Dome, Michal"]
[Result "1-0"]
[WhiteElo "2141"]
[BlackElo "1787"]
[PlyCount "59"]
[EventDate "2021.07.24"]
[EventType "swiss"]
[EventRounds "9"]
[EventCountry "CZE"]
[SourceTitle "EXT 2022"]
[Source "ChessBase"]
[SourceDate "2021.10.06"]
[SourceVersion "1"]
[SourceVersionDate "2021.10.06"]
[SourceQuality "1"]

1. e4 e6 2. d4 d5 3. e5 c5 4. c3 Nc6 5. Nf3 Bd7 6. Be2 f6 7. 0-0 Qc7 8. Bf4 g6 9. g4 fxe5 10. Bxe5 Nxe5 11. Nxe5 Bd6 12. f4 Bxe5 13. fxe5 0-0-0 14. Nd2 Ne7 15. Nb3 c4 16. Nc5 b6 17. Nxd7 Qxd7 18. b3 b5 19. a4 a6 20. axb5 axb5 21. Qd2 Kb7 22. bxc4 dxc4 23. Bxc4 bxc4 24. Rfb1+ Kc6 25. Ra6+ Kc7 26. Ra7+ Kc8 27. Rxd7 Rxd7 28. Qa2 Kd8 29. Rb8+ Nc8 30. Qxc4 1-0

[Event "Ricany op"]
[Site "Ricany"]
[Date "2020.08.29"]
[Round "9"]
[White "Dome, Michal"]
[Black "Hozda, Max"]
[Result "1-0"]
[WhiteElo "1802"]
[BlackElo "1630"]
[PlyCount "41"]
[EventDate "2020.08.22"]
[EventType "swiss"]
[EventRounds "9"]
[EventCountry "CZE"]
[SourceTitle "CBM 198 Extra"]
[Source "ChessBase"]
[SourceDate "2020.11.30"]
[SourceVersion "1"]
[SourceVersionDate "2020.11.30"]
[SourceQuality "1"]

1. e4 c6 2. Nc3 d5 3. Nf3 Bg4 4. h3 Bh5 5. exd5 cxd5 6. Bb5+ Nd7 7. Nxd5 e6 8. Nf4 Bg6 9. Nxg6 hxg6 10. Ne5 Ngf6 11. Qf3 Qc7 12. Bxd7+ Nxd7 13. Qxf7+ Kd8 14. Qxd7+ Qxd7 15. Nxd7 Kxd7 16. d4 Rc8 17. c3 Bd6 18. Be3 Rhf8 19. 0-0-0 b5 20. Kb1 a6 21. f3 1-0

[Event "Ricany op"]
[Site "Ricany"]
[Date "2020.08.28"]
[Round "8"]
[White "Konvalinka, Vladislav"]
[Black "Dome, Michal"]
[Result "1/2-1/2"]
[WhiteElo "1731"]
[BlackElo "1802"]
[PlyCount "57"]
[EventDate "2020.08.22"]
[EventType "swiss"]
[EventRounds "9"]
[EventCountry "CZE"]
[SourceTitle "CBM 198 Extra"]
[Source "ChessBase"]
[SourceDate "2020.11.30"]
[SourceVersion "1"]
[SourceVersionDate "2020.11.30"]
[SourceQuality "1"]

1. d4 Nf6 2. c4 g6 3. Nf3 Bg7 4. g3 d6 5. Bg2 0-0 6. 0-0 Nc6 7. Nc3 e5 8. d5 Ne7 9. Qc2 Nd7 10. e4 f5 11. Nd2 f4 12. b3 a5 13. Na4 b6 14. Nb2 g5 15. g4 Nf6 16. h3 Kf7 17. Nf3 h6 18. Bd2 Rh8 19. Nh2 Ng6 20. a3 h5 21. f3 Rh6 22. Kf2 Nh4 23. b4 hxg4 24. Nxg4 Nxg4+ 25. hxg4 Nxg2 26. Kxg2 Qh8 27. Rh1 axb4 28. Rxh6 Bxh6 29. Bxb4 1/2-1/2

[Event "Ricany op-A"]
[Site "Ricany"]
[Date "2019.08.30"]
[Round "8"]
[White "Dome, Michal"]
[Black "Ocelak, Jakub"]
[Result "1/2-1/2"]
[WhiteElo "1799"]
[BlackElo "1781"]
[PlyCount "33"]
[EventDate "2019.08.24"]
[EventType "swiss"]
[EventRounds "9"]
[EventCountry "CZE"]
[SourceTitle "EXT 2020"]
[Source "ChessBase"]
[SourceDate "2019.10.17"]
[SourceVersion "1"]
[SourceVersionDate "2019.10.17"]
[SourceQuality "1"]

1. e4 e6 2. d4 d5 3. Nd2 Nc6 4. Ngf3 Nf6 5. e5 Nd7 6. Be2 f6 7. exf6 Qxf6 8. Nf1 Bd6 9. Ne3 0-0 10. 0-0 Nb6 11. Ng4 Qf5 12. h3 e5 13. dxe5 Nxe5 14. Ngxe5 Bxe5 15. Bd3 Qf6 16. Bg5 Qd6 17. c3 1/2-1/2

[Event "Ricany op-A"]
[Site "Ricany"]
[Date "2019.08.29"]
[Round "7"]
[White "Dome, Michal"]
[Black "Vit, Zdenek"]
[Result "1/2-1/2"]
[WhiteElo "1799"]
[BlackElo "1747"]
[PlyCount "104"]
[EventDate "2019.08.24"]
[EventType "swiss"]
[EventRounds "9"]
[EventCountry "CZE"]
[SourceTitle "EXT 2020"]
[Source "ChessBase"]
[SourceDate "2019.10.17"]
[SourceVersion "1"]
[SourceVersionDate "2019.10.17"]
[SourceQuality "1"]

1. d4 Nf6 2. c4 g6 3. Nf3 Bg7 4. e3 0-0 5. Be2 c6 6. 0-0 d5 7. Nbd2 Nbd7 8. b3 c5 9. Bb2 b6 10. Ne5 Bb7 11. Rc1 Nxe5 12. dxe5 Nd7 13. f4 e6 14. Nf3 Qe7 15. Qc2 Rad8 16. Bd3 Nb8 17. cxd5 Bxd5 18. Ng5 Bb7 19. Ne4 Bxe4 20. Bxe4 f6 21. exf6 Bxf6 22. Bxf6 Qxf6 23. Qc4 Kg7 24. a4 Rf7 25. Rfd1 Rfd7 26. Qc2 e5 27. Rxd7+ Rxd7 28. f5 g5 29. Rd1 Qe7 30. f6+ Qxf6 31. Rxd7+ Nxd7 32. Bxh7 Nf8 33. Be4 Qd6 34. Qe2 Nd7 35. Qg4 Nf6 36. Qxg5+ Kf8 37. Bf3 Kf7 38. h4 Qd3 39. Qxe5 Qxb3 40. Bh5+ Nxh5 41. Qxh5+ Kg7 42. Qg5+ Kh7 43. Qf5+ Kg7 44. Qe5+ Kh7 45. Qe4+ Kg7 46. Qe7+ Kg6 47. Qg5+ Kh7 48. g4 c4 49. Qe7+ Kg8 50. Qe8+ Kg7 51. Qe7+ Kg8 52. Qe8+ Kg7 1/2-1/2

[Event "Ricany op-A"]
[Site "Ricany"]
[Date "2019.08.27"]
[Round "5"]
[White "Otrubova, Kristyna"]
[Black "Dome, Michal"]
[Result "1/2-1/2"]
[WhiteElo "1712"]
[BlackElo "1799"]
[PlyCount "46"]
[EventDate "2019.08.24"]
[EventType "swiss"]
[EventRounds "9"]
[EventCountry "CZE"]
[SourceTitle "EXT 2020"]
[Source "ChessBase"]
[SourceDate "2019.10.17"]
[SourceVersion "1"]
[SourceVersionDate "2019.10.17"]
[SourceQuality "1"]

1. e4 e6 2. b3 d5 3. Bb2 dxe4 4. Nc3 Nf6 5. Qe2 Be7 6. 0-0-0 c6 7. Nxe4 Nxe4 8. Qxe4 Bf6 9. Nf3 a5 10. a4 Bxb2+ 11. Kxb2 Qf6+ 12. Kb1 Na6 13. g4 Nc5 14. Qe3 Qe7 15. g5 Bd7 16. Qe5 0-0 17. d4 Nxa4 18. bxa4 Qb4+ 19. Ka2 Qxa4+ 20. Kb2 Qb4+ 21. Ka2 Qa4+ 22. Kb2 Qb4+ 23. Ka2 Qa4+ 1/2-1/2

[Event "Ricany op-A"]
[Site "Ricany"]
[Date "2019.08.25"]
[Round "3"]
[White "Voracek, Zdenek"]
[Black "Dome, Michal"]
[Result "1-0"]
[WhiteElo "1938"]
[BlackElo "1799"]
[PlyCount "89"]
[EventDate "2019.08.24"]
[EventType "swiss"]
[EventRounds "9"]
[EventCountry "CZE"]
[SourceTitle "EXT 2020"]
[Source "ChessBase"]
[SourceDate "2019.10.17"]
[SourceVersion "1"]
[SourceVersionDate "2019.10.17"]
[SourceQuality "1"]

1. d4 d5 2. c4 dxc4 3. Nf3 a6 4. e3 b5 5. a4 Bb7 6. b3 cxb3 7. axb5 axb5 8. Rxa8 Bxa8 9. Bxb5+ c6 10. Bc4 e6 11. Qxb3 Nf6 12. 0-0 Be7 13. Ba3 0-0 14. Ne5 Bxa3 15. Qxa3 Nbd7 16. Nd3 Qc7 17. Nd2 c5 18. dxc5 Ng4 19. g3 Qc6 20. e4 Nge5 21. Nxe5 Nxe5 22. Be2 Rc8 23. Rc1 Nd7 24. f3 Bb7 25. Nb3 Qc7 26. Bb5 Ra8 27. Qb4 Ne5 28. c6 Bc8 29. f4 Ng6 30. e5 Ne7 31. Kh1 h5 32. Qd6 Ra7 33. Qxc7 Rxc7 34. Nd4 Nf5 35. Nxf5 exf5 36. Kg2 Kf8 37. Kf3 Ke7 38. Ke3 Kd8 39. Rd1+ Ke7 40. Kd4 Ba6 41. Bxa6 Rxc6 42. Bc4 h4 43. Rb1 hxg3 44. hxg3 g5 45. Rb7+ 1-0

[Event "Pardubice Czech op-B 30th"]
[Site "Pardubice"]
[Date "2019.07.19"]
[Round "1"]
[White "Dome, Michal"]
[Black "Krumina, Linda"]
[Result "0-1"]
[WhiteElo "1870"]
[BlackElo "2127"]
[PlyCount "156"]
[EventDate "2019.07.19"]
[EventType "swiss"]
[EventRounds "9"]
[EventCountry "CZE"]
[SourceTitle "EXT 2020"]
[Source "ChessBase"]
[SourceDate "2019.10.17"]
[SourceVersion "1"]
[SourceVersionDate "2019.10.17"]
[SourceQuality "1"]

1. d4 Nf6 2. c4 c5 3. Nf3 cxd4 4. Nxd4 g6 5. Nc3 Bg7 6. e4 d6 7. Be2 Nc6 8. Be3 Bd7 9. 0-0 h5 10. Nxc6 Bxc6 11. Bf3 Nd7 12. Bd4 Ne5 13. Be2 Rh7 14. f4 Nd7 15. Bxg7 Rxg7 16. Qd4 Qb6 17. Qxb6 Nxb6 18. Nd5 Bxd5 19. cxd5 Rc8 20. Rac1 Rxc1 21. Rxc1 Kd8 22. Rc3 Rg8 23. Ra3 a6 24. Rg3 Rh8 25. Kf2 Nd7 26. Ke3 Kc7 27. Kd4 b5 28. b4 Re8 29. Bd1 a5 30. Ra3 Ra8 31. Be2 Kb6 32. g4 hxg4 33. Bxg4 Nf6 34. Bf3 Ra6 35. bxa5+ Rxa5 36. Rxa5 Kxa5 37. e5 Ne8 38. h4 Ng7 39. Bg4 Kb4 40. Bd7 f6 41. a3+ Kxa3 42. exf6 exf6 43. Bxb5 Nf5+ 44. Kc3 Nxh4 45. Be8 g5 46. fxg5 fxg5 47. Bd7 Nf3 48. Bh3 Ka4 49. Be6 Kb5 50. Kd3 Kc5 51. Ke3 Ne5 52. Kf2 Kd4 53. Kg3 Ke4 54. Bg8 Nd7 55. Bf7 Nf6 56. Be6 Ke5 57. Bf7 g4 58. Be6 Ke4 59. Bf7 Kf5 60. Be6+ Kg5 61. Bf7 Ne4+ 62. Kg2 Kf4 63. Be6 Nd2 64. Kf2 Nc4 65. Kg2 Ne3+ 66. Kf2 g3+ 67. Kg1 Ke4 68. Bg8 Nxd5 69. Kg2 Nf6 70. Be6 Kf4 71. Bb3 Ng4 72. Ba2 Ne3+ 73. Kg1 d5 74. Bb1 Kf3 75. Bd3 Ng2 76. Bb5 Nf4 77. Kf1 g2+ 78. Kg1 Nh3+ 0-1

[Event "Ricany op-A"]
[Site "Ricany"]
[Date "2018.08.31"]
[Round "8"]
[White "Dome, Michal"]
[Black "Horyna, Josef"]
[Result "1-0"]
[WhiteElo "1755"]
[BlackElo "1729"]
[PlyCount "97"]
[EventDate "2018.08.25"]
[EventType "swiss"]
[EventRounds "9"]
[EventCountry "CZE"]
[SourceTitle "EXT 2020"]
[Source "ChessBase"]
[SourceDate "2019.10.17"]
[SourceVersion "1"]
[SourceVersionDate "2019.10.17"]
[SourceQuality "1"]

1. e4 e6 2. d4 d5 3. Nd2 Nf6 4. e5 Nfd7 5. Bd3 c5 6. c3 Nc6 7. Ne2 Qb6 8. Nf3 cxd4 9. cxd4 Be7 10. 0-0 0-0 11. Nf4 g6 12. Bb1 Re8 13. h4 Nf8 14. h5 Bd7 15. hxg6 fxg6 16. Nh3 Nd8 17. Nfg5 Bb5 18. Re1 Rc8 19. a3 Rc4 20. Be3 Rc7 21. Qg4 Bxg5 22. Nxg5 Ree7 23. Nf3 Nf7 24. Nh2 Be8 25. Qe2 Qb3 26. Ng4 Bb5 27. Qd2 h5 28. Nf6+ Kg7 29. Bg5 Nxg5 30. Qxg5 Qxb2 31. Nxh5+ Kf7 32. Bxg6+ Nxg6 33. Qf6+ Ke8 34. Qxg6+ Kd7 35. Nf6+ Kc6 36. Ne8 Qxd4 37. Nxc7 Kxc7 38. Qc2+ Bc6 39. Rad1 Qf4 40. Qd2 Qg4 41. Qb4 Qxb4 42. axb4 a6 43. f4 Rg7 44. Rd4 Kb6 45. Kf2 Kb5 46. Rc1 Kb6 47. Rg1 Bb5 48. g4 Bc4 49. f5 1-0

[Event "Ricany op-A"]
[Site "Ricany"]
[Date "2018.08.30"]
[Round "7"]
[White "Havel, Jan"]
[Black "Dome, Michal"]
[Result "1-0"]
[WhiteElo "1710"]
[BlackElo "1755"]
[PlyCount "53"]
[EventDate "2018.08.25"]
[EventType "swiss"]
[EventRounds "9"]
[EventCountry "CZE"]
[SourceTitle "EXT 2019"]
[Source "ChessBase"]
[SourceDate "2018.10.10"]
[SourceVersion "1"]
[SourceVersionDate "2018.10.10"]
[SourceQuality "1"]

1. e4 e6 2. d4 d5 3. exd5 exd5 4. Nf3 Nf6 5. Bg5 Be7 6. Bd3 0-0 7. 0-0 c5 8. c3 Nc6 9. Bc2 cxd4 10. Nxd4 Nxd4 11. Qxd4 Be6 12. Nd2 Re8 13. Nb3 h6 14. Bh4 g5 15. Bg3 Nd7 16. Rfe1 b6 17. Qd3 Nf8 18. Nd4 Bd7 19. Nf5 Bxf5 20. Qxf5 Bc5 21. Rxe8 Qxe8 22. Qxd5 Rd8 23. Qe4 Qxe4 24. Bxe4 Bd6 25. Rd1 Re8 26. Bc6 Re6 27. Bxd6 1-0

[Event "Mlada Boleslav Region-ch U16"]
[Site "Mlada Boleslav"]
[Date "2017.06.25"]
[Round "5"]
[White "Sulc, Jakub"]
[Black "Dome, Michal"]
[Result "1-0"]
[WhiteElo "1544"]
[BlackElo "1389"]
[PlyCount "51"]
[EventDate "2017.06.24"]
[EventType "swiss"]
[EventRounds "7"]
[EventCountry "CZE"]
[SourceTitle "CBM 179 Extra"]
[Source "ChessBase"]
[SourceDate "2017.08.23"]
[SourceVersion "1"]
[SourceVersionDate "2017.08.23"]
[SourceQuality "1"]

1. e4 e6 2. d4 d5 3. e5 c5 4. c3 Qb6 5. Nf3 Nc6 6. a3 cxd4 7. cxd4 Nge7 8. b4 Nf5 9. Be3 Bd7 10. Nc3 Nxe3 11. fxe3 Ne7 12. Bd3 a6 13. Rc1 Ng6 14. 0-0 Be7 15. Na4 Qd8 16. Nc5 Bxc5 17. Rxc5 Rc8 18. Rxc8 Qxc8 19. Ng5 0-0 20. Qh5 h6 21. Nxf7 Rxf7 22. Rxf7 Qc1+ 23. Kf2 Qd2+ 24. Kg3 Qxe3+ 25. Qf3 Qe1+ 26. Qf2 1-0

[Event "Mlada Boleslav Region-ch"]
[Site "Mlada Boleslav"]
[Date "2015.06.21"]
[Round "6"]
[White "Dome, Michal"]
[Black "Kocourkova, Klara"]
[Result "0-1"]
[WhiteElo "1149"]
[BlackElo "1398"]
[PlyCount "82"]
[EventDate "2015.06.20"]
[EventType "swiss"]
[EventRounds "7"]
[EventCountry "CZE"]
[SourceTitle "EXT 2017"]
[Source "ChessBase"]
[SourceDate "2016.10.25"]
[SourceVersion "1"]
[SourceVersionDate "2016.10.25"]
[SourceQuality "1"]

1. e4 d5 2. exd5 Nf6 3. Nc3 Nxd5 4. d3 e6 5. Be2 Nc6 6. Nf3 Be7 7. 0-0 Nxc3 8. bxc3 0-0 9. Rb1 b6 10. Be3 Bb7 11. c4 Qd7 12. c5 Rac8 13. d4 Bf6 14. c3 Qd5 15. c4 Qd7 16. d5 exd5 17. cxd5 Ne7 18. c6 Nxc6 19. dxc6 Qxc6 20. Rc1 Qe6 21. Nd2 Qxa2 22. Nf3 Qd5 23. Qc2 Qd7 24. Rfd1 Qe7 25. Rd2 c5 26. Rcd1 Rfd8 27. Rxd8+ Rxd8 28. Nd2 g6 29. Nb3 Rxd1+ 30. Qxd1 Bg7 31. Bf3 h5 32. h3 Qc7 33. Bxb7 Qxb7 34. Qd8+ Kh7 35. Bf4 Qe4 36. Bc1 Qe1+ 37. Kh2 Be5+ 38. f4 Bd4 39. Qd7 Bg1+ 40. Kh1 Bf2+ 41. Kh2 Bg3# 0-1

[Event "Mlada Boleslav Region-ch"]
[Site "Mlada Boleslav"]
[Date "2015.06.20"]
[Round "4"]
[White "Lang, David"]
[Black "Dome, Michal"]
[Result "0-1"]
[WhiteElo "1323"]
[BlackElo "1149"]
[PlyCount "65"]
[EventDate "2015.06.20"]
[EventType "swiss"]
[EventRounds "7"]
[EventCountry "CZE"]
[SourceTitle "EXT 2017"]
[Source "ChessBase"]
[SourceDate "2016.10.25"]
[SourceVersion "1"]
[SourceVersionDate "2016.10.25"]
[SourceQuality "1"]

1. e4 e5 2. Nf3 Nc6 3. Nc3 Nf6 4. d4 exd4 5. Nxd4 d6 6. Bb5 Bd7 7. 0-0 Be7 8. Qd3 0-0 9. Bxc6 Bxc6 10. Nxc6 bxc6 11. Bg5 Re8 12. Rad1 Rb8 13. b3 Qd7 14. f4 Qd8 15. Qe2 Nd7 16. Bxe7 Qxe7 17. Rde1 Nb6 18. Qf3 Qd7 19. Re2 d5 20. e5 Re7 21. Rfe1 Rbe8 22. a4 a5 23. Qf2 d4 24. Rd1 c5 25. Ne4 Qc6 26. Qg3 Kh8 27. Nf2 Nd5 28. Rd3 Qh6 29. Nh3 f6 30. Qf3 Nb6 31. Qc6 fxe5 32. Qxc5 Qe6 33. Qxa5 0-1